Crédito estudiantil y acceso a la educación superior
Na minha lista:
| Autor principal: | |
|---|---|
| Autor Corporativo: | |
| Formato: | Livro |
| Idioma: | espanhol |
| Publicado em: |
Santiago
ILADES
1993
|
| coleção: | Investigación, ILADES, I-67
|
| Assuntos: | |
| Tags: |
Adicionar Tag
Sem tags, seja o primeiro a adicionar uma tag!
|
MARC
| LEADER | 00000nam a2200000 a 4500 | ||
|---|---|---|---|
| 001 | UCR8681 | ||
| 003 | CL-VaPUC | ||
| 008 | 980529e19930400CL |||||||||||||||||spa|d | ||
| 082 | 0 | 4 | |a 330.711 |b LAR |2 21 |
| 100 | |a Larrañaga, Osvaldo |e author |9 518468 | ||
| 110 | 2 | |a Programa de Postgrado de Economía ILADES-Georgetown University |e author |9 410737 | |
| 245 | 1 | 0 | |a Crédito estudiantil y acceso a la educación superior |
| 300 | |a 28 p | ||
| 942 | |c BK | ||
| 945 | |d 19980529 00:00:00 |a crobeson | ||
| 260 | |a Santiago |b ILADES |c 1993 | ||
| 650 | 7 | |a EDUCACION DE POSTGRADO |2 CL-VaPUC |9 310729 | |
| 650 | 0 | |a Economía |9 255568 | |
| 650 | 0 | |a Crédito fiscal |9 410738 | |
| 650 | 0 | |a Educación superior |9 223851 | |
| 651 | 7 | |a CHILE |2 CL-VaPUC |9 410739 | |
| 583 | |a last modification |c 19980529 00:00:00 |k Rodrigo Vera | ||
| 490 | 0 | |a Investigación, ILADES, I-67 | |
| 999 | |c 270077 |d 270075 | ||